1832 1466 1633 1595 1500 1629 1955 2000 1401 1416 1975 1721 1143 1324 1903 1491 1050 1488 1948 1608 1220 1743 1515 1085 1579 1915 1532 1096 1548 1324 1992 1186 1773 1726 1758 1167 1571 1153 1652 1002 1740 1785 1552 1947 1301 1551 1086 1334 1411 1579 1394 1146 1656 1050 1538 1538 1971 1549 1204 1622 1768 1797 1910 1713 1191 1489 1038 1549 1936 1001 1654 1752 1863 1146 1797 1571 1941 1418 1499 1170 1423 1275 1294 1155 1424 1703 1696 1702 1756 1625 1616 1117 1564 1406 1666 1754 1236 1551 1853 BCNSPRNW ULIB Ver.6.0+V

เปลี่ยนเป็นภาษาไทย

Change to English
 แสดงรายละเอียดบรรณานุกรม
  กลับหน้าหลัก

Brief Record : Get Marc (ISO 2709) : E-mail record : QR code < ปิดหน้าต่าง
LEADER : 00000nam 2200000uu 4500
001    13399111869
003     ULIB
008    110711s2552||||th 000 0 tha d
020    9749508556
020    9789749508558
060 04 WB205^bส576ต 2552
100 0  สันต์ หัตถีรัตน์
245 10 ตำราซักประวัติและตรวจร่างกาย /^cสันต์ หัตถีรัตน์
250    พิมพ์ครั้งที่ 4
260    กรุงเทพฯ :^bหมอชาวบ้าน,^c2552
300    328, [1] หน้า ;^bภาพประกอบ ;^c27 ซม.
650  7 การซักประวัติผู้ป่วย
650  7 การตรวจร่างกาย
945    ^p450^l0^i18352
945    ^p450^l0^i18353
945    ^p450^l0^i18354
995    ัณชพร
999    ^aใช้งานได้ทุกระบบ
รายการนี้ยังไม่มีแท็ก
คุณยังไม่ได้ล็อกอิน คุณสามารถมีกิจกรรมร่วมกับเว็บไซต์ได้ แต่ต้องล็อกอินก่อน ::
  ล็อกอิน

รายการสื่อสารสนเทศ

ลำดับที่ ประเภท เลขเรียก/บาร์โค้ด สถานที่ สถานะ
- ไม่พบข้อมูล -

รายการใกล้เคียง
    ผู้แต่ง [สันต์ หัตถีรัตน์]

    หัวเรื่อง [การซักประวัติผู้ป่วย]
    หัวเรื่อง [การตรวจร่างกาย]

BibComment


ยังไม่เคยถูกคอมเมนท์

คอมเมนท์ทรัพยากรรายการนี้
  คอมเมนท์: ตำราซักประวัติและ..


 Copyright 2026. Bcnsprnw @Library